000 00597cam a22001933a 4500
001 43524
003 PGUSA
005 20140828084005.0
008 130821s2013||||xxu|||||s|||||000 | eng d
040 _aPGUSA
_beng
042 _adc
245 1 4 _aThe Catholic World, Vol. X, October 1869 :
_bA Monthly Magazine of General Literature and Science
_h[electronic resource] /
_cVarious
260 _bProject Gutenberg,
_c2013
506 _aPublic domain in the USA.
516 _aElectronic text
830 0 _aProject Gutenberg
_v43524
856 4 0 _uhttp://www.gutenberg.org/ebooks/43524
942 _cEB
999 _c272775
_d272775